00308pab a2200121 454500008004000000100002600040245003400066260000900100300001300109362001200122650001400134773003800148180718b2003 xxu||||| |||| 00| 0 eng d aSarkar, Chitta Ranjan aLease financing - a milestone c2003 ap.61-65. aApr-Sep aFinancing aJournal of Accounting and Finance